000 00548nam a2200205Ia 4500
001 12934
003 GE_BSU
008 181216s||||||||xx |||||||||||||| ||und||
020 _a9780099502234
040 _cGE_BSU
080 _a821.111-312.4
100 _aGrisham,John.
245 4 _aThe Associate.
245 _bIt's a Deadly Game of Blackmail and They're Making Him Play.
260 _aLondon.
260 _c2009
300 _a483p;19cm.
653 _aThe Associate.It's a Deadly Game of Blackmail and They're Making Him Play.
942 _cBK
999 _c46103
_d46103